000 00580nam a2200229Ia 4500
003 OSt
005 20240820142238.0
006 a|||||r|||| 00| 0
007 ta
008 220927b |||||||| |||| 00| 0 eng d
024 _a116541
037 _cTextual
040 _aSDCL
_cSDCL
_beng
041 _2eng
_aeng
082 _aG:7, Q1
100 _aWolpert Lewis
_9516487
245 0 _aPrinciples of development.
250 _a4th
260 _c2011
942 _hG:7, Q1
_cTEXL
_2CC
999 _c849674
_d849674